| 000 | 00370cam a2200145ua 4500 | ||
|---|---|---|---|
| 041 |
_aeng _h |
||
| 082 |
_a828.09 _bTIL/ES |
||
| 100 | _aTillotsen, Geoffrey . | ||
| 245 |
_aEssays in criticism and research / _cGeoffrey Tillotson. _hTextual Documents |
||
| 260 |
_a : _bArchon books , _c1967. |
||
| 300 | _a214 ; . | ||
| 504 | _a | ||
| 942 | _cBK | ||
| 999 |
_c11681 _d11681 |
||